00783cam a22002053a 450000100060000000300060000600500170001200800410002904000150007004200070008505000090009210000350010124502730013626000290040950600300043851600200046865300180048883000290050685600420053519913PGUSA20140828083424.0061124s2006||||xxu|||||s|||||000 | eng d aPGUSAbeng adc 4aE0111 aDorsey, James Owen,d1848-189510aOmaha Dwellings, Furniture and Implements :bThirteenth Annual Report of the Beaurau of American Ethnology to the Secretary of the Smithsonian Institution 1891-1892, Government Printing Office, Washington, 1896 pages 263-288h[electronic resource] /cJames Owen Dorsey bProject Gutenberg,c2006 aPublic domain in the USA. aElectronic text aOmaha Indians 0aProject Gutenbergv1991340uhttp://www.gutenberg.org/ebooks/19913